| 000 | 01184 a2200169 4500 | ||
|---|---|---|---|
| 003 | Nust | ||
| 005 | 20221011151822.0 | ||
| 040 | _cNust | ||
| 082 | _a540,CAL | ||
| 100 |
_aCaldwell,William _999920 |
||
| 245 |
_aChemistry _cWilliam E Caldwell |
||
| 250 | _aVol: 1 | ||
| 260 | _bCliffs Notes | ||
| 300 | _a110:p | ||
| 505 | _aIntroduction To The Science Of Chemistry (Page-1), Laws Of Chemical Change (Page-5), Atoms And Substomic Particles (Page-9), The Structure And Behavior Of Atoms 1 (Page-13), The Structure And Behavior Of Atoms 2 (Page-17), Periodic Classification Of Elements (Page-21), Valence And Oxidation Number , Chemical Bond (Page-25), Formulas And Elementary Equations (Page-29), Compounds (Page-33), The Liquid State And Water (Page-37), The Gaseous State (Page-41), The Solid State (Page-45), The Colloidal State (Page-49), Solutions (Page-53), The Ionization Theory (Page-57), Ionic Equilibria (Page-61), Weight And Volume Relations (Page-65), Reactions Rates And Chemical Equilibrium (Page-69), Oxidation And Reduction (Page-73), Electrochemistry (Page-77), Radioactivity And Stable Atomic Nuclei (Page-81), Nuclear Chemistry (Page-89). | ||
| 942 |
_2ddc _cBK |
||
| 999 |
_c183294 _d183294 |
||